000 00260nam a22001097a 4500
008 170118b xxu||||| |||| 00| 0 eng d
020 _a9780130549242
041 _aeng
080 _23RD
_a618.2
245 _aNURSING IN THE COMMUNITY
_cCLARK, M.J
942 _2udc
_cBK
999 _c3082
_d3082